Význam kalkulácií v hoteliérstve diplomová práca

Gespeichert in:
Bibliographische Detailangaben
1. Verfasser: Zezulková, Monika
Körperschaft: Fakulta hospodárskej informatiky EU. Katedra účtovníctva a audítorstva
Weitere Verfasser: Antalová, Renáta
Format: Buch
Sprache:Slowakisch
Veröffentlicht: Bratislava 2019
Tags: Tag hinzufügen
Keine Tags, Fügen Sie das erste Tag hinzu!

MARC

LEADER 00000nbm a2200000 4500
001 0254229
005 20200113081925.3
041 0 |a slo 
044 |a SK 
245 1 0 |a Význam kalkulácií v hoteliérstve  |b diplomová práca  |c Monika Zezulková ; školiteľ: Renáta Antalová 
264 1 |a Bratislava  |c 2019 
300 |a 60 s. 
100 1 |a Zezulková, Monika 
700 1 |a Antalová, Renáta 
710 2 |a Fakulta hospodárskej informatiky EU. Katedra účtovníctva a audítorstva